La detencion policial

Bibliographic Details
Main Author: Salido Valle, Carlos
Format: Unknown
Language:Spanish
Published: [Barcelona] : J.M. Bosch, 1997
Subjects:
Online Access:Acceso restringido

MARC

LEADER 00000ny a22000003n 4500
005 2011052700530.0
008 080617s1997 sp s 000 0 spa c
020 |a 8476984405 
035 |a 1183 
040 |a UMA.RE  |d vLex 
080 |a 343.125/.126(460)(0.034) 
090 |c 317  |d 317 
100 1 |a Salido Valle, Carlos 
245 1 3 |a La detencion policial  |h [Recurso electrn̤ico]  |c Carlos Salido Valle 
256 |a Servicio en ln̕ea 
260 |a [Barcelona] :  |b J.M. Bosch,  |c 1997 
506 1 |a Contenido solo disponible en los productos indicados  |d vLex Global  |d vLex Global (Academic Edition, excluding Law Schools)  |d vLex Global (U.S. Academic Edition, Law Schools)  |d vLex Global (U.S. Academic Edition, excluding Law Schools)  |d vLex Global (Academic Edition, Law Schools) 
650 0 7 |a Detencin̤ del imputado  |2 Tesauro vLex 
650 0 7 |a Penal  |2 Tesauro vLex 
650 0 7 |a Imputado  |2 Tesauro vLex 
650 0 7 |a Detencin̤ preventiva  |2 Tesauro vLex 
650 0 7 |a Detencin̤ policial  |2 Tesauro vLex 
740 0 |a vLex Libros (Servicios en ln̕ea) 
856 4 0 |u http://vlex.com/source/1183  |z Acceso restringido 
942 |c BOOK 
999 0 |a Criminal Law  |b Barcelona